| 000 | 01317nam a2200241Ia 4500 | ||
|---|---|---|---|
| 003 | OSt | ||
| 005 | 20251009151512.0 | ||
| 008 | 210423s2014 xx 000 0 und d | ||
| 020 | _a978-0-107-02610-0 | ||
| 040 | _cAL | ||
| 041 | _aeng | ||
| 082 |
_a801.95 _bSEAL |
||
| 100 |
_aJames Seaton _9102275 |
||
| 245 | _aLiterary criticism from plato to postmodernism: the humanistic alternative | ||
| 260 |
_aNew York _bCambridge University Press _c2014 |
||
| 300 |
_ax,225p _bHB _c22x14cm. |
||
| 365 |
_b5697 _cUSD |
||
| 520 | _aThis book offers a history of literary criticism from Plato to the present, arguing that this history can best be seen as a dialogue among three traditions - the Platonic, Neoplatonic, and the humanistic, originated by Aristotle. There are many histories of literary criticism, but this is the first to clarify our understanding of the many seemingly incommensurable approaches employed over the centuries by reference to the three traditions. Making its case by careful analyses of individual critics, the book argues for the relevance of the humanistic tradition in the twenty-first century and beyond. | ||
| 650 |
_aLiterary Theory _9102276 |
||
| 650 |
_aLiterature _9102277 |
||
| 906 | _aalternative ; criticism ; humanistic ; Literary ; plato ; postmodernism: | ||
| 942 |
_2ddc _cBK |
||
| 999 |
_c165830 _d165830 |
||